[Event "Las Palmas Insular-chT Pref-A"]
[Site "Las Palmas"]
[Date "2015.04.18"]
[Round "14.2"]
[White "Cabrera Ramos, Javier"]
[Black "Perez Romano, Francisco"]
[Result "0-1"]
[WhiteElo "1751"]
[BlackElo "1712"]
[PlyCount "70"]
[EventDate "2014.11.22"]
[EventType "team-tourn"]
[EventRounds "14"]
[EventCountry "ESP"]
[SourceTitle "EXT 2018"]
[Source "ChessBase"]
[SourceDate "2017.10.13"]
[SourceVersion "1"]
[SourceVersionDate "2017.10.13"]
[SourceQuality "1"]
[WhiteTeam "Dominicas"]
[BlackTeam "La Bagacera"]
[WhiteTeamCountry "ESP"]
[BlackTeamCountry "ESP"]

1. d4 c6 2. c4 d5 3. cxd5 cxd5 4. Nc3 Nf6 5. Bf4 Nc6 6. e3 a6 7. Bd3 e6 8. Nge2 Nh5 9. Bg3 g6 10. Nf4 Nxf4 11. Bxf4 h5 12. e4 Bg7 13. exd5 exd5 14. 0-0 0-0 15. Qb3 Nxd4 16. Qxd5 Qxd5 17. Nxd5 Be6 18. Nb6 Rad8 19. Bc7 Nf3+ 20. gxf3 Rxd3 21. Rad1 Rxf3 22. b3 Bh3 23. Rfe1 Bh6 24. Nd7 Rc8 25. Be5 Bg5 26. Rd5 Rc2 27. Bd4 Rc8 28. Ne5 Rf4 29. f3 Bh4 30. Bf2 Bxf2+ 31. Kxf2 Rb4 32. Kg3 Be6 33. Nxg6 Rc6 34. Nf4 h4+ 35. Kxh4 Rxf4+ 0-1

[Event "Las Palmas Insular-chT Pref-A"]
[Site "Las Palmas"]
[Date "2015.04.11"]
[Round "13.1"]
[White "Perez Rosales, Pedro"]
[Black "Perez Romano, Francisco"]
[Result "1-0"]
[WhiteElo "2116"]
[BlackElo "1712"]
[PlyCount "45"]
[EventDate "2014.11.22"]
[EventType "team-tourn"]
[EventRounds "14"]
[EventCountry "ESP"]
[SourceTitle "EXT 2016"]
[Source "ChessBase"]
[SourceDate "2015.10.08"]
[SourceVersion "1"]
[SourceVersionDate "2015.10.08"]
[SourceQuality "1"]
[WhiteTeam "Villa de Teror Goya II"]
[BlackTeam "La Bagacera"]
[WhiteTeamCountry "ESP"]
[BlackTeamCountry "ESP"]

1. d4 d5 2. Nf3 Nf6 3. Bf4 Nc6 4. e3 a6 5. c4 Bg4 6. Nc3 e6 7. c5 Be7 8. h3 Bf5 9. Bd3 Bxd3 10. Qxd3 h6 11. 0-0-0 b5 12. Ne5 Nb4 13. Qe2 c6 14. a3 Qc8 15. axb4 a5 16. bxa5 Rxa5 17. b4 Ra3 18. Kb2 Rxc3 19. Kxc3 Ne4+ 20. Kb3 0-0 21. Ra1 Qb7 22. f3 Nf6 23. Qa2 1-0

[Event "Las Palmas Insular-chT Pref-A"]
[Site "Las Palmas"]
[Date "2014.12.20"]
[Round "3.3"]
[White "Perez Romano, Francisco"]
[Black "Cobo Mazorra, Alejandro"]
[Result "1-0"]
[WhiteElo "1712"]
[BlackElo "1721"]
[PlyCount "62"]
[EventDate "2014.11.22"]
[EventType "team-tourn"]
[EventRounds "14"]
[EventCountry "ESP"]
[SourceTitle "EXT 2016"]
[Source "ChessBase"]
[SourceDate "2015.10.08"]
[SourceVersion "1"]
[SourceVersionDate "2015.10.08"]
[SourceQuality "1"]
[WhiteTeam "La Bagacera"]
[BlackTeam "Pulido San Mateo"]
[WhiteTeamCountry "ESP"]
[BlackTeamCountry "ESP"]

1. d4 g6 2. e4 Bg7 3. Nf3 d6 4. Bc4 Nf6 5. Nc3 c6 6. 0-0 b5 7. Bd3 Nbd7 8. e5 dxe5 9. dxe5 Ng4 10. e6 fxe6 11. Ng5 Ndf6 12. h3 Ne5 13. Qe2 Nxd3 14. cxd3 b4 15. Na4 Qa5 16. Qc2 Qd5 17. Bd2 h6 18. Nf3 Rb8 19. Nc5 e5 20. Rfe1 Nd7 21. d4 0-0 22. Qxg6 Rf6 23. Qg3 Qf7 24. Nxd7 Bxd7 25. Nxe5 Qe8 26. Nxd7 Qxd7 27. Qxb8+ Rf8 28. Qxb4 Bxd4 29. Be3 c5 30. Qc4+ Kh7 31. Bxd4 cxd4 1-0

[Event "Las Palmas Insular-chT Pref-A"]
[Site "Las Palmas"]
[Date "2014.12.13"]
[Round "2.1"]
[White "Mayor Gonzalez, Julio"]
[Black "Perez Romano, Francisco"]
[Result "1-0"]
[WhiteElo "1910"]
[BlackElo "1712"]
[PlyCount "60"]
[EventDate "2014.11.22"]
[EventType "team-tourn"]
[EventRounds "14"]
[EventCountry "ESP"]
[SourceTitle "EXT 2016"]
[Source "ChessBase"]
[SourceDate "2015.10.08"]
[SourceVersion "1"]
[SourceVersionDate "2015.10.08"]
[SourceQuality "1"]
[WhiteTeam "Grandama Santa Lucia"]
[BlackTeam "La Bagacera"]
[WhiteTeamCountry "ESP"]
[BlackTeamCountry "ESP"]

1. d4 Nf6 2. Nf3 d5 3. c4 Bg4 4. Ne5 Nc6 5. Nxg4 Nxg4 6. e4 Nxf2 7. Kxf2 dxe4 8. d5 Ne5 9. Be2 Qd6 10. Rf1 h5 11. Be3 Ng4+ 12. Bxg4 hxg4 13. Qxg4 Qxh2 14. Nc3 Rh4 15. Qg3 Qxg3+ 16. Kxg3 Rh8 17. Nxe4 g6 18. Rh1 Rg8 19. Bh6 0-0-0 20. Rae1 f5 21. Nc3 g5 22. Bxf8 Rdxf8 23. Rxe7 Re8 24. Rhh7 Rxe7 25. Rxe7 Kd8 26. Re5 Rf8 27. Nb5 a6 28. Nd4 f4+ 29. Kg4 Rh8 30. Rxg5 Rh1 1-0

[Event "Las Palmas Insular-chT Primera-A"]
[Site "Las Palmas"]
[Date "2014.02.22"]
[Round "10.4"]
[White "Perez Romano, Francisco"]
[Black "Mena Trujillo, Yeray"]
[Result "0-1"]
[WhiteElo "1767"]
[BlackElo "1811"]
[PlyCount "67"]
[EventDate "2013.11.09"]
[EventType "team-tourn"]
[EventRounds "14"]
[EventCountry "ESP"]
[SourceTitle "EXT 2015"]
[Source "ChessBase"]
[SourceDate "2014.11.20"]
[SourceVersion "1"]
[SourceVersionDate "2014.11.20"]
[SourceQuality "1"]
[WhiteTeam "La Bagacera"]
[BlackTeam "Tirajana"]
[WhiteTeamCountry "ESP"]
[BlackTeamCountry "ESP"]

1. d4 Nf6 2. Nf3 d5 3. c4 c6 4. Nc3 Bf5 5. c5 e6 6. Bf4 Be7 7. h3 Nbd7 8. Qa4 0-0 9. e3 Ne4 10. Nxe4 Bxe4 11. Be2 b5 12. Qa6 e5 13. Nxe5 Nxe5 14. Bxe5 f6 15. Bf4 g5 16. f3 Bg6 17. Bh2 Qd7 18. 0-0 f5 19. a4 b4 20. Qa5 f4 21. exf4 gxf4 22. Qxb4 Rab8 23. Qd2 Qb7 24. Bxf4 Qxb2 25. Bh6 Qxd2 26. Bxd2 Rb2 27. Bh6 Rxe2 28. Bxf8 Kxf8 29. Rfe1 Rb2 30. Re6 Ke8 31. Rae1 Rb7 32. f4 Rc7 33. g4 Bf7 34. Rh6 0-1

[Event "Las Palmas Insular-chT Primera-A"]
[Site "Las Palmas"]
[Date "2014.02.01"]
[Round "8.4"]
[White "Perez Romano, Francisco"]
[Black "Diaz Perez, Jose Juan"]
[Result "0-1"]
[WhiteElo "1767"]
[BlackElo "1758"]
[PlyCount "72"]
[EventDate "2013.11.09"]
[EventType "team-tourn"]
[EventRounds "14"]
[EventCountry "ESP"]
[SourceTitle "EXT 2015"]
[Source "ChessBase"]
[SourceDate "2014.11.20"]
[SourceVersion "1"]
[SourceVersionDate "2014.11.20"]
[SourceQuality "1"]
[WhiteTeam "La Bagacera"]
[BlackTeam "Claudio Mendoza"]
[WhiteTeamCountry "ESP"]
[BlackTeamCountry "ESP"]

1. e4 c5 2. Nf3 d6 3. Nc3 a6 4. Bc4 Nf6 5. a3 b5 6. Bd5 Nxd5 7. Nxd5 Bb7 8. d3 e6 9. Nf4 g6 10. Qe2 Bg7 11. Rb1 Nc6 12. c3 0-0 13. h4 h6 14. g4 d5 15. h5 g5 16. Nxg5 hxg5 17. h6 Bf6 18. h7+ Kh8 19. Nh5 Qe7 20. f4 dxe4 21. dxe4 gxf4 22. Bxf4 Bg5 23. Qe3 Bxf4 24. Qxf4 f5 25. g5 fxe4 26. Nf6 Rad8 27. Ke2 e5 28. Qf5 Qg7 29. Rh6 Ne7 30. Qg4 Ng6 31. Rbh1 Nf4+ 32. Ke1 e3 33. Nh5 Qf7 34. g6 Nd3+ 35. Kd1 Qb3+ 36. Ke2 Qc2+ 0-1

[Event "Las Palmas Insular-chT Primera-A"]
[Site "Las Palmas"]
[Date "2013.12.21"]
[Round "5.4"]
[White "Yanez Santana, Ivan Jose"]
[Black "Perez Romano, Francisco"]
[Result "1-0"]
[WhiteElo "1556"]
[BlackElo "1767"]
[PlyCount "75"]
[EventDate "2013.11.09"]
[EventType "team-tourn"]
[EventRounds "14"]
[EventCountry "ESP"]
[SourceTitle "EXT 2015"]
[Source "ChessBase"]
[SourceDate "2014.11.20"]
[SourceVersion "1"]
[SourceVersionDate "2014.11.20"]
[SourceQuality "1"]
[WhiteTeam "Villa de Teror "]
[BlackTeam "La Bagacera"]
[WhiteTeamCountry "ESP"]
[BlackTeamCountry "ESP"]

1. e4 c5 2. Nf3 Nc6 3. d4 cxd4 4. Nxd4 e5 5. Nb3 h6 6. Bc4 Nf6 7. f3 Qb6 8. Qe2 Bb4+ 9. c3 Be7 10. Be3 Qc7 11. 0-0 d6 12. a4 a6 13. a5 Be6 14. N1d2 Qd7 15. Rfd1 0-0 16. Bxe6 Qxe6 17. Nc4 Nh5 18. g3 Rac8 19. Nbd2 f5 20. exf5 Qxf5 21. Nb6 Rce8 22. Kg2 Qg6 23. Nd5 Bh4 24. g4 Ne7 25. Qc4 Kh8 26. Ne4 Rxf3 27. Kxf3 Rf8+ 28. Ke2 Qxg4+ 29. Kd3 Nxd5 30. Qxd5 Qh3 31. Ng3 Bxg3 32. hxg3 Qxg3 33. Kd2 Qh2+ 34. Kc1 Nf4 35. Bxf4 Rxf4 36. Ra3 Rf2 37. Rb3 Qf4+ 38. Kb1 1-0

[Event "Las Palmas Insular-chT Primera-A"]
[Site "Las Palmas"]
[Date "2013.11.23"]
[Round "3.2"]
[White "Mayor Gonzalez, Julio"]
[Black "Perez Romano, Francisco"]
[Result "0-1"]
[WhiteElo "1934"]
[BlackElo "1767"]
[PlyCount "60"]
[EventDate "2013.11.09"]
[EventType "team-tourn"]
[EventRounds "14"]
[EventCountry "ESP"]
[SourceTitle "EXT 2015"]
[Source "ChessBase"]
[SourceDate "2014.11.20"]
[SourceVersion "1"]
[SourceVersionDate "2014.11.20"]
[SourceQuality "1"]
[WhiteTeam "Tirajana"]
[BlackTeam "La Bagacera"]
[WhiteTeamCountry "ESP"]
[BlackTeamCountry "ESP"]

1. d4 d5 2. Nf3 Nf6 3. e3 Bg4 4. Be2 e6 5. 0-0 Bd6 6. c4 c6 7. c5 Bc7 8. b4 0-0 9. a4 Nbd7 10. Bb2 Bxf3 11. Bxf3 e5 12. dxe5 Bxe5 13. Qc2 Qc7 14. h3 Bxb2 15. Qxb2 Ne5 16. Nd2 h6 17. Be2 Rae8 18. Rfc1 Re6 19. b5 Nh7 20. Nf3 Nxf3+ 21. Bxf3 Ng5 22. Bg4 Re5 23. Be2 Rfe8 24. a5 Qd7 25. Bf1 Nxh3+ 26. gxh3 Rg5+ 27. Kh1 Qf5 28. bxc6 Qf3+ 29. Kh2 Rxe3 30. fxe3 Qg3+ 0-1

[Event "Las Palmas Insular-chT Primera-A"]
[Site "Las Palmas"]
[Date "2013.02.16"]
[Round "9.3"]
[White "Leon Manas, Jose Francisco"]
[Black "Perez Romano, Francisco"]
[Result "0-1"]
[WhiteElo "1738"]
[BlackElo "1979"]
[PlyCount "64"]
[EventDate "2012.11.10"]
[EventType "team-tourn"]
[EventRounds "14"]
[EventCountry "ESP"]
[SourceTitle "EXT 2014"]
[Source "ChessBase"]
[SourceDate "2013.11.20"]
[SourceVersion "1"]
[SourceVersionDate "2013.11.20"]
[SourceQuality "1"]
[WhiteTeam "Hispafrica "]
[BlackTeam "La Bagacera"]
[WhiteTeamCountry "ESP"]
[BlackTeamCountry "ESP"]

1. b4 e5 2. Bb2 d6 3. e3 Nf6 4. Nf3 Bg4 5. Be2 Be7 6. Nc3 c6 7. 0-0 Nbd7 8. e4 Qb6 9. a3 0-0 10. Rb1 d5 11. exd5 cxd5 12. d3 d4 13. Na4 Qe6 14. Re1 Qf5 15. Nxd4 exd4 16. Bxg4 Nxg4 17. Bxd4 Bf6 18. Be3 b5 19. Nb2 Bc3 20. Re2 Rfe8 21. Qc1 Re6 22. Nd1 Bd4 23. Qd2 Rae8 24. h3 Nxe3 25. fxe3 Qh5 26. c3 Bb6 27. d4 Rg6 28. Rf2 Qxh3 29. Qd3 Qh5 30. e4 Rh6 31. Kf1 Qg4 32. e5 Rh1# 0-1

[Event "Las Palmas Insular-chT Primera-A"]
[Site "Las Palmas"]
[Date "2012.12.01"]
[Round "3.2"]
[White "Perez Romano, Francisco"]
[Black "Raluy Lopez, Marcos"]
[Result "0-1"]
[WhiteElo "1979"]
[BlackElo "2055"]
[PlyCount "94"]
[EventDate "2012.11.10"]
[EventType "team-tourn"]
[EventRounds "14"]
[EventCountry "ESP"]
[SourceTitle "EXT 2014"]
[Source "ChessBase"]
[SourceDate "2013.11.20"]
[SourceVersion "1"]
[SourceVersionDate "2013.11.20"]
[SourceQuality "1"]
[WhiteTeam "La Bagacera"]
[BlackTeam "Cajota 64"]
[WhiteTeamCountry "ESP"]
[BlackTeamCountry "ESP"]

1. d4 d5 2. c4 e6 3. Nf3 c5 4. e3 Nc6 5. Nc3 Nf6 6. cxd5 exd5 7. Ne5 Be7 8. Bb5 Qc7 9. Bxc6+ bxc6 10. 0-0 0-0 11. f4 Rd8 12. g4 cxd4 13. exd4 Bb7 14. g5 Ne4 15. Qh5 g6 16. Qh6 Nd6 17. f5 Bf8 18. Qh3 Bc8 19. Ng4 Bg7 20. fxg6 fxg6 21. Nh6+ Bxh6 22. Qxh6 Nf5 23. Qh3 Qg7 24. Be3 Nxd4 25. Qg2 Bf5 26. Rad1 Ne6 27. Na4 Rab8 28. b3 Rb4 29. h3 Rh4 30. Rxf5 gxf5 31. Qg3 Re4 32. Rf1 Rf8 33. Nc5 Nxc5 34. Bxc5 Rfe8 35. Rxf5 Re1+ 36. Kg2 R1e2+ 37. Rf2 R2e5 38. h4 Re4 39. Ba3 Qd7 40. Kh2 d4 41. h5 Rg4 42. Qh3 Qc7+ 43. Kh1 Re1+ 44. Rf1 Rxf1+ 45. Qxf1 Rh4+ 46. Kg2 Qh2+ 47. Kf3 Rf4# 0-1

[Event "Las Palmas Insular-chT Primera-A"]
[Site "Las Palmas"]
[Date "2012.01.21"]
[Round "6.4"]
[White "Ortega Hernandez, Carmelo"]
[Black "Perez Romano, Francisco"]
[Result "1-0"]
[WhiteElo "1771"]
[BlackElo "1985"]
[PlyCount "61"]
[EventDate "2011.11.12"]
[EventType "team-tourn"]
[EventRounds "14"]
[EventCountry "ESP"]
[SourceTitle "EXT 2013"]
[Source "ChessBase"]
[SourceDate "2012.11.22"]
[SourceVersion "1"]
[SourceVersionDate "2012.11.22"]
[SourceQuality "1"]
[WhiteTeam "Panaderia Pulido San Mateo"]
[BlackTeam "La Bagacera"]
[WhiteTeamCountry "ESP"]
[BlackTeamCountry "ESP"]

1. f4 d5 2. e3 Nf6 3. Nf3 c5 4. Bb5+ Bd7 5. Qe2 Nc6 6. 0-0 Qc7 7. Bxc6 Bxc6 8. Ne5 e6 9. b3 Bd6 10. Bb2 h5 11. d3 h4 12. Nd2 Nh5 13. Ndf3 0-0-0 14. Nxc6 Qxc6 15. Ne5 Qe8 16. Qg4 Bxe5 17. fxe5 Qe7 18. Rf2 f5 19. exf6 gxf6 20. Qxh4 e5 21. Raf1 Rdf8 22. Qg4+ Kb8 23. Qf5 d4 24. exd4 cxd4 25. Qe4 Qg7 26. Bc1 Ng3 27. hxg3 Qxg3 28. Rf3 Qh2+ 29. Kf2 Rh4 30. Qd5 Rg4 31. Qd6+ 1-0

[Event "Las Palmas Insular-chT Primera-A"]
[Site "Las Palmas"]
[Date "2011.11.12"]
[Round "1.4"]
[White "Gutierrez Diaz, Kevin"]
[Black "Perez Romano, Francisco"]
[Result "0-1"]
[WhiteElo "1638"]
[BlackElo "1985"]
[PlyCount "44"]
[EventDate "2011.11.12"]
[EventType "team-tourn"]
[EventRounds "14"]
[EventCountry "ESP"]
[SourceTitle "EXT 2013"]
[Source "ChessBase"]
[SourceDate "2012.11.22"]
[SourceVersion "1"]
[SourceVersionDate "2012.11.22"]
[SourceQuality "1"]
[WhiteTeam "Claudio Mendoza"]
[BlackTeam "La Bagacera"]
[WhiteTeamCountry "ESP"]
[BlackTeamCountry "ESP"]

1. e4 c5 2. Nf3 Nc6 3. d4 cxd4 4. Nxd4 Qb6 5. Nxc6 dxc6 6. Nc3 e5 7. Bd3 Bc5 8. 0-0 Nf6 9. h3 Be6 10. Na4 Qa5 11. Nxc5 Qxc5 12. Bg5 0-0-0 13. Bxf6 gxf6 14. Qf3 Rhg8 15. Rfb1 Rg6 16. Kh2 Rdg8 17. g3 Rh6 18. h4 Qf8 19. Qe3 Qg7 20. Rg1 Qg4 21. Kg2 Qh3+ 22. Kf3 Bg4# 0-1